[Event "Ch Hungary (team) 1998/99"]
[Site "masterchessopen.com Hungary"]
[Round "0"]
[White "Lukacs Peter (HUN)"]
[Black "Krizsany Laszlo (HUN)"]
[Result "1-0"]
[WhiteElo "2475"]
[BlackElo "2405"]

1.d4 d5 2.c4 dxc4 3.Nf3 c5 4.e3 Nf6 5.Bxc4 e6 6.O-O a6 7.Bb3 Nbd7 8.e4 Nxe4
9.Re1 Ndf6 10.Bc2 Nxf2 11.Kxf2 cxd4 12.Kg1 Bc5 13.Bd3 b5 14.Bg5 h6 15.Bxf6
gxf6 16.Nbd2 Rg8 17.Kh1 Bb7 18.Rc1 Be7 19.Be4 Ra7 20.Qc2 Bxe4 21.Qxe4 e5
22.Qh7 Rg6 23.Nxd4 Rd7 24.Ne6 {#r} 1-0

[Event "It (cat.13)"]
[Site "masterchessopen.com Malme (Sweden)"]
[Round "9"]
[White "Lautier Joel (FRA)"]
[Black "Hansen Curt (DEN)"]
[Result "1-0"]
[WhiteElo "2630"]
[BlackElo "2610"]

1.d4 d5 2.c4 dxc4 3.e3 Nf6 4.Bxc4 e6 5.Nf3 c5 6.O-O a6 7.Bd3 Nbd7 8.e4 ( 8.Re1
) 8...cxd4 9.e5 Nd5 10.Bc4 Nb4 { ! } 11.a3 { ?! } ( 11.Qxd4 { ?? } 11...Nc2 {
??+ } ) ( 11.Nxd4 { ? } 11...Nxe5 { ? } ) ( 11.Re1 d3 { ! } 12.Bg5 ( 12.Bxd3 {
? } 12...Nc5 13.Be2 Qxd1 14.Rxd1 ( 14.Bxd1 Nbd3 { ??+ } ) 14...Nc2 15.Bg5 Bd7
{ ??+ } ) 12...Be7 ( 12...Qb6 13.Bxd3 { ? } 13...Nxd3 14.Qxd3 Qxb2 15.Nbd2 { ?
} ) 13.Bxe7 Qxe7 14.Bxd3 O-O { = } ) 11...Nc6 12.Re1 ( 12.Bf4 b5 13.Ba2 Nc5 {
? } ) 12...b5 13.Bf1 Bb7 14.Nbd2 ( 14.Bf4 Nc5 15.Nbd2 Qd5 { ! ? } ) 14...h6 {
?! } ( 14...Be7 { ?! } 15.Nb3 O-O 16.Nbxd4 Nxd4 ( 16...Ndxe5 { ? } 17.Rxe5 { ±
} ) 17.Nxd4 { = } ) ( 14...Qb8 { ?! } 15.Nb3 Ndxe5 16.Nxe5 Nxe5 17.Bf4 Bd6
18.Bxe5 Bxe5 19.Qh5 Bf6 ( 19...g5 20.Rad1 Qd6 21.Qxg5 Bxh2+ 22.Kh1 Bf4 23.Qf6
) ( 19...Bd5 20.Nxd4 Bxd4 21.Qxd5 Bxb2 22.Qc6+ Ke7 23.Rad1 ( 23.Qc5+ Qd6 { ??+
} ) 23...Rc8 24.Rd7+ Kf8 25.Qf3 Bf6 26.Qh5 Be7 27.Qxh7 { ? } ) 20.Rxe6+ (
20.Nc5 { ? } 20...O-O 21.Nd7 Qd6 { ? } ) 20...Kf8 21.Nc5 ) ( 14...Qc7 { !? }
15.Nb3 Ndxe5 16.Nxe5 Nxe5 17.Bf4 ( 17.Qh5 Ng6 18.Nxd4 Be7 { ? } ) 17...Bd6
18.Rc1 Nc6 ( 18...Qb8 19.Qxd4 ( 19.Bxe5 Bxe5 20.Qh5 Bf4 21.Rxe6+ Kf8 22.Nc5
Bc8 { ! } ) 19...Nf3+ 20.gxf3 Bxf4 21.Qxg7 Rf8 ( 21...Ke7 { ? } 22.Rxe6+ Kxe6
23.Bh3+ Ke7 24.Re1+ { +?? } ) 22.Bh3 Bd5 { ? } ) 19.Bxd6 Qxd6 20.Nc5 Rb8 { ? }
) ( 14...Nc5 { ! } 15.b4 Na4 16.Nb3 Qd5 ( 16...Be7 17.Nfxd4 Nxd4 18.Nxd4 O-O
19.Qg4 { ? } ) 17.Nbxd4 Rd8 18.Be3 Nxe5 19.Nxe5 Qxe5 { ? } ) 15.Nb3 Rc8 (
15...Qb6 16.Nbxd4 Nxd4 17.Nxd4 { ? } 17...Rd8 { ?! } 18.Be3 Nxe5 19.Qh5 Nc4 {
?! } 20.Nxe6 { ± } ) 16.Bf4 Qb6 17.Rc1 ( 17.Nfxd4 { !? } 17...Nxd4 18.Nxd4 Bc5
19.Be3 O-O 20.b4 Bxd4 21.Bxd4 Qc7 22.a4 Bc6 { ? } ) 17...Be7 18.Nfxd4 Nxd4
19.Rxc8+ Bxc8 20.Qxd4 Qxd4 21.Nxd4 Bg5 { ?? } ( 21...Bb7 22.Rc1 Bc5 23.Be3 (
23.Nb3 Bb6 24.Be3 Bxe3 25.Rc7 Bf4 26.Rxb7 Bxe5 27.Ra7 { = } ) 23...O-O 24.f4 (
24.b4 Bb6 { = } ) 24...Rc8 { = } ) 22.Rc1 O-O 23.Bxg5 hxg5 24.Nc6 { ! }
24...Re8 ( 24...Bb7 25.Ne7+ Kh8 26.Rc7 { +?? } ) ( 24...Nb6 25.Ne7+ Kh8 26.Rc6
Re8 27.Nxc8 Nxc8 28.Rxa6 { +?? } ) 25.Na7 { } ( 25.Na7 Bb7 ( 25...Nb6 26.Rc6 {
+?? } ) 26.Rc7 { +?? } ) {#r} 1-0

[Event "Ch Norway (team) 1998/99"]
[Site "masterchessopen.com Norway"]
[Round "2"]
[White "Johansen Terje (NOR)"]
[Black "Moen Andreas (NOR)"]
[Result "1-0"]
[WhiteElo "2270"]
[BlackElo "2210"]

1.d4 d5 2.c4 dxc4 3.Nf3 Nf6 4.e3 e6 5.Bxc4 c5 6.O-O a6 7.Bd3 Nbd7 8.Re1 Be7
9.e4 cxd4 10.e5 Nd5 11.Bc4 N7b6 12.Bf1 Bc5 13.Bg5 f6 14.exf6 Nxf6 15.Bxf6 Qxf6
16.Nbd2 Be7 17.Ne4 Qh6 18.Qxd4 Nd5 19.Bc4 O-O 20.Bxd5 exd5 21.Qxd5+ Be6
22.Qxb7 Rae8 23.Qxa6 Bb4 24.Re3 Ra8 25.Nf6+ {#r} 1-0

[Event "Ch Sweden"]
[Site "masterchessopen.com Ronneby (Sweden)"]
[Round "9"]
[White "Akesson Ralf (SWE)"]
[Black "Degerman Lars (SWE)"]
[Result "0-1"]
[WhiteElo "2510"]
[BlackElo "2500"]

1.d4 d5 2.c4 dxc4 3.e3 Nf6 4.Bxc4 e6 5.Nf3 c5 6.O-O a6 7.Bb3 cxd4 8.exd4 Nc6
9.Nc3 Be7 10.Re1 O-O 11.Bf4 Na5 12.Bc2 b5 13.Qd3 Bb7 14.Be5 g6 15.Qe3 Nc4
16.Qh6 Bxf3 17.gxf3 Nh5 18.Ne4 f5 19.Kh1 Nxe5 20.dxe5 fxe4 21.Rg1 Nf4 22.Bxe4
Rf7 23.Rad1 Qf8 {#R} 0-1

[Event "Ch Azerbaijan"]
[Site "masterchessopen.com Baku (Azerbaijan)"]
[Round "10"]
[White "Guseinov Aidyn (AZE)"]
[Black "Mirzoev Azer (AZE)"]
[Result "1-0"]
[WhiteElo "2492"]
[BlackElo "2438"]

1.d4 d5 2.c4 dxc4 3.Nf3 Nf6 4.e3 e6 5.Bxc4 c5 6.O-O a6 7.Bb3 cxd4 8.exd4 Nc6
9.Nc3 Be7 10.Re1 O-O 11.a3 Na5 12.Bc2 b5 13.d5 Nxd5 14.Nxd5 exd5 15.Qd3 g6
16.Bh6 Re8 17.Qc3 f6 18.Nd4 Bb7 19.Qg3 Kh8 20.Bg7+ Kxg7 21.Ne6+ Kf7 22.Qh3 h5
23.Bxg6+ Kxg6 24.Qg3+ {#r} 1-0

[Event "It (open)"]
[Site "masterchessopen.com Bern (Switzerland)"]
[Round "6"]
[White "Cruceli Salvatore (SUI)"]
[Black "Mauerhofer Adrian"]
[Result "1-0"]
[WhiteElo "2097"]
[BlackElo "1820"]

1.d4 d5 2.c4 dxc4 3.Nf3 Nf6 4.e3 e6 5.Bxc4 c5 6.O-O a6 7.Nc3 b5 8.Be2 cxd4
9.exd4 Be7 10.Bg5 Bb7 11.Qd3 O-O 12.Bd1 Nbd7 13.Bc2 Re8 14.Rfe1 Nf8 15.Rad1
Nd5 16.Nxd5 Bxg5 17.Nc3 Bh6 18.Bb3 Ng6 19.g3 Ne7 20.Ne4 Bxe4 21.Qxe4 Nd5
22.Ne5 Rf8 23.Nxf7 Qf6 24.Nxh6+ {#r} 1-0

[Event "It (open)"]
[Site "masterchessopen.com Biel (Switzerland)"]
[Round "1"]
[White "Shariyazdanov Andrey (RUS)"]
[Black "Giertz Niklaus (SUI)"]
[Result "1-0"]
[WhiteElo "2588"]
[BlackElo "2293"]

1.d4 d5 2.c4 dxc4 3.e3 e6 4.Bxc4 Nf6 5.Nf3 c5 6.O-O a6 7.Bd3 Nbd7 8.Re1 b5
9.a4 b4 10.Nbd2 Be7 11.Nc4 O-O 12.e4 cxd4 13.e5 Nd5 14.Nxd4 Bb7 15.Qg4 Re8
16.Bh6 Bf8 17.Rad1 f5 18.Qg3 Kh8 19.Nd6 Nxe5 20.Nxb7 Qc7 21.Qxe5 Qxe5 22.Rxe5
gxh6 23.Rxe6 {#r} 1-0

[Event "It (open)"]
[Site "masterchessopen.com Bizovac (Croatia)"]
[Round "2"]
[White "Jankovic Alojzije (CRO)"]
[Black "Stevic Hrvoje (CRO)"]
[Result "0-1"]
[WhiteElo "2313"]
[BlackElo "2470"]

1.d4 d5 2.Nf3 Nf6 3.c4 dxc4 4.e3 e6 5.Bxc4 c5 6.O-O a6 7.Bd3 cxd4 8.exd4 Be7
9.Nc3 b5 10.Bg5 Bb7 11.Re1 O-O 12.Bc2 Nc6 13.a3 Rc8 14.Qd3 g6 15.Rad1 Re8
16.Bb1 b4 17.Ne2 bxa3 18.bxa3 Qa5 19.Nf4 Nxd4 20.Qxd4 Bxf3 21.Re5 Red8 22.Rxa5
Rxd4 23.Re1 Bb7 24.h3 Bd8 25.Rae5 Nd7 {#R} 0-1

[Event "It (cat.2)"]
[Site "masterchessopen.com Budapest (Hungary)"]
[Round "6"]
[White "Eperjesi Laszlo Dr (HUN)"]
[Black "Spielmann Alain (FRA)"]
[Result "0-1"]
[WhiteElo "2381"]
[BlackElo "2241"]

1.d4 d5 2.Nf3 Nf6 3.c4 dxc4 4.e3 e6 5.Bxc4 c5 6.O-O a6 7.a4 Nc6 8.Qe2 cxd4
9.Rd1 Be7 10.Nxd4 Nxd4 11.Rxd4 Qc7 12.Nc3 O-O 13.h3 Bd7 14.e4 Bc6 15.e5 Nd7
16.Bf4 Rfd8 17.Ba2 Nc5 18.Rad1 Rxd4 19.Rxd4 Rd8 20.Rc4 b5 {#R} 0-1

[Event "It (open)"]
[Site "masterchessopen.com Cappelle la Grande (France)"]
[Round "9"]
[White "Cvitan Ognjen (CRO)"]
[Black "Estrada Nieto Julian (MEX)"]
[Result "1-0"]
[WhiteElo "2511"]
[BlackElo "2360"]

1.d4 d5 2.Nf3 Nf6 3.c4 dxc4 4.e3 e6 5.Bxc4 c5 6.O-O a6 7.Bb3 Nc6 8.Qe2 cxd4
9.Rd1 Be7 10.Nc3 O-O 11.Nxd4 Nxd4 12.exd4 Nd5 13.Qf3 Nxc3 14.bxc3 Bd6 15.c4
Rb8 16.c5 Bc7 17.Bf4 Bxf4 18.Qxf4 Bd7 19.d5 exd5 20.Rxd5 Qc8 21.Rd6 Bf5 22.h4
Bg4 23.Qd4 Re8 24.Rc1 h5 25.Rg6 {#r} 1-0

[Event "Extra League 1999/00"]
[Site "masterchessopen.com Czech Republic"]
[Round "4"]
[White "Bazant Petr (CZE)"]
[Black "Jackova Jana (CZE)"]
[Result "0-1"]
[WhiteElo "2361"]
[BlackElo "2233"]

1.d4 d5 2.c4 dxc4 3.Nf3 Nf6 4.e3 e6 5.Bxc4 c5 6.O-O a6 7.a4 Nc6 8.Qe2 Be7
9.Rd1 Qc7 10.Nc3 O-O 11.e4 Ng4 12.dxc5 Bxc5 13.Be3 Nxe3 14.fxe3 Ne5 15.Nxe5
Qxe5 16.Rd3 b6 17.Rf1 Bb7 18.Qg4 Rad8 19.Rfd1 Rc8 20.Bb3 b5 21.axb5 axb5
22.Qh4 b4 23.Na4 Ba7 24.Kf2 Bxe4 25.Rd8 Bxe3+ 26.Kxe3 Bd5+ {#R} 0-1

[Event "It (open)"]
[Site "masterchessopen.com Groningen (Netherlands)"]
[Round "1"]
[White "Stauffer Craig A (USA)"]
[Black "Levin Felix (GER)"]
[Result "0-1"]
[WhiteElo "2136"]
[BlackElo "2531"]

1.d4 d5 2.c4 dxc4 3.Nf3 Nf6 4.e3 e6 5.Bxc4 c5 6.O-O a6 7.a4 Nc6 8.Qe2 Qc7
9.Nc3 Be7 10.Rd1 O-O 11.dxc5 Bxc5 12.e4 Ng4 13.Be3 Nxe3 14.fxe3 b6 15.Rac1 Bb7
16.Bd3 Qf4 17.Re1 Ne5 18.Kh1 Qf6 19.Bb1 Rad8 20.a5 Ng4 21.Na4 Bxe3 22.Rc7 Qh6
23.h3 Qf4 24.Rxb7 Rd2 25.g3 Qxg3 {#R} 0-1

[Event "Ch Hungary (team) 1998/99 (2 liga)"]
[Site "masterchessopen.com Hungary"]
[Round "0"]
[White "Juhasz Mihaly (HUN)"]
[Black "Neber Akos (HUN)"]
[Result "0-1"]
[WhiteElo "2134"]
[BlackElo "2202"]

1.d4 d5 2.c4 dxc4 3.e3 Nf6 4.Bxc4 e6 5.Nf3 c5 6.O-O a6 7.a4 Nc6 8.Nc3 Be7
9.Ne5 Bd7 10.b3 O-O 11.Bb2 cxd4 12.exd4 Nb4 13.Qf3 Nbd5 14.Nxd5 exd5 15.Bxd5
Nxd5 16.Qxd5 Be6 17.Qxb7 Rb8 18.Qxa6 Rxb3 19.Nc6 Qd6 20.Nxe7+ Qxe7 21.Bc1 Bd5
22.Rd1 Bxg2 23.Ra2 Bf3 24.Qf1 Rb6 25.Bf4 Qe4 26.Bc7 Qg4+ {#R} 0-1

[Event "Ch Portugal"]
[Site "masterchessopen.com Lisbon (Portugal)"]
[Round "10"]
[White "Baptista Paulo (POR)"]
[Black "Henriques Sofia (POR)"]
[Result "1-0"]
[WhiteElo "2020"]
[BlackElo "2018"]

1.d4 d5 2.c4 dxc4 3.e3 Nf6 4.Bxc4 e6 5.Nf3 c5 6.O-O a6 7.a4 Be7 8.Nc3 O-O
9.Qe2 cxd4 10.exd4 Nc6 11.Rd1 Nb4 12.Bg5 b6 13.d5 exd5 14.Bxf6 Bxf6 15.Nxd5
Qd6 16.a5 bxa5 17.Rxa5 Bb7 18.Nxf6+ Qxf6 19.Qe5 Rad8 20.Raa1 Qc6 21.Rxd8 Rxd8
22.Qe7 Rc8 23.Bxf7+ Kh8 24.Qxb4 {#r} 1-0

[Event "It (open)"]
[Site "masterchessopen.com Ljubljana (Slovenia)"]
[Round "5"]
[White "Peteh Uros (SLO)"]
[Black "Gruskovnjak Tomislav (SLO)"]
[Result "0-1"]
[WhiteElo "2013"]
[BlackElo "2227"]

1.d4 d5 2.Nf3 Nf6 3.c4 dxc4 4.e3 e6 5.Bxc4 c5 6.O-O a6 7.a4 Nc6 8.Qe2 Qc7
9.Nc3 Bd6 10.dxc5 Bxc5 11.e4 Ng4 12.h3 Nd4 {#R} 0-1

[Event "It \"]
[Site "masterchessopen.com Monaco"]
[Round "6"]
[White "Ljubojevic Ljubomir (SRB)"]
[Black "Karpov Anatoly (RUS)"]
[Result "1-0"]
[WhiteElo "2570"]
[BlackElo "2700"]

1.d4 d5 2.Nf3 Nf6 3.c4 dxc4 4.e3 e6 5.Bxc4 c5 6.O-O a6 7.Bb3 Nc6 8.Nc3 Be7
9.a3 O-O 10.Bc2 Qc7 11.dxc5 Rd8 12.Qe2 Bxc5 13.b4 Bd6 14.Bb2 Ne5 15.Nd2 Bd7
16.Rac1 Rac8 17.Nce4 Nxe4 18.Nxe4 Be7 19.Ng5 Ng6 20.Bxg6 {#r} 1-0

[Event "Cup Russia (open)"]
[Site "masterchessopen.com Moscow (Russia)"]
[Round "5"]
[White "Poluljahov Aleksandr (RUS)"]
[Black "Zakharov Alexander S (RUS)"]
[Result "1-0"]
[WhiteElo "2554"]
[BlackElo "2432"]

1.d4 d5 2.c4 dxc4 3.e3 Nf6 4.Bxc4 e6 5.Nf3 c5 6.O-O a6 7.Bb3 cxd4 8.exd4 Be7
9.Nc3 O-O 10.Ne5 Nc6 11.Nxc6 bxc6 12.Bf4 Bb7 13.Na4 Nd7 14.Rc1 Rc8 15.Re1 c5
16.d5 e5 17.d6 Bf6 18.Be3 Qa5 19.Qg4 e4 20.Qxd7 Bc6 21.Bxf7+ Kh8 22.Qh3 {#r}
1-0

[Event "Cup Russia (open)"]
[Site "masterchessopen.com Novgorod (Russia)"]
[Round "2"]
[White "Vaulin Alexander (RUS)"]
[Black "Danielian Elina (ARM)"]
[Result "1-0"]
[WhiteElo "2492"]
[BlackElo "2306"]

1.d4 d5 2.c4 dxc4 3.Nf3 Nf6 4.e3 e6 5.Bxc4 c5 6.O-O a6 7.Bb3 Be7 8.Qe2 cxd4
9.exd4 O-O 10.Nc3 Nc6 11.Rd1 Nb4 12.Ne5 Nbd5 13.Qf3 h6 14.Qh3 Bd6 15.Rd3 Nxc3
16.bxc3 Ne4 17.Bxh6 gxh6 18.Re1 Ng5 19.Qxh6 f6 20.Qg6+ Kh8 21.Re4 {#r} 1-0

[Event "Memorial J.Capablanca"]
[Site "masterchessopen.com Rio de Janeiro (Brazil)"]
[Round "1"]
[White "Maia Marco Aurelio Ferreira (BRA)"]
[Black "Gomes Daniel"]
[Result "1-0"]
[WhiteElo "2166"]
[BlackElo "2000"]

1.d4 d5 2.c4 dxc4 3.Nf3 Nf6 4.e3 e6 5.Bxc4 c5 6.O-O a6 7.a4 Nc6 8.Qe2 cxd4
9.Rd1 Bc5 10.exd4 Be7 11.Nc3 O-O 12.d5 exd5 13.Bxd5 Qc7 14.Bg5 Bd7 15.Ba2 Rfe8
16.Qd2 Bg4 17.Bxf6 Bxf3 18.gxf3 Bxf6 19.Nd5 Qe5 20.f4 Qxb2 21.Qxb2 Bxb2
22.Rab1 Re2 23.Bc4 {#r} 1-0

[Event "Memorial V.Toth (cat.7)"]
[Site "masterchessopen.com Rio de Janeiro (Brazil)"]
[Round "4"]
[White "De Souza Mauro (BRA)"]
[Black "Garcia Palermo Carlos (ITA)"]
[Result "0-1"]
[WhiteElo "2359"]
[BlackElo "2470"]

1.d4 d5 2.c4 dxc4 3.Nf3 Nf6 4.e3 e6 5.Bxc4 c5 6.O-O a6 7.b3 cxd4 8.Nxd4 Bc5
9.Bb2 O-O 10.Nd2 Qe7 11.Qf3 b5 12.Bd3 Bb7 13.Ne4 Nbd7 14.Rac1 Kh8 15.Ne2 Bd6
16.Bb1 Nxe4 17.Bxe4 Bxh2+ 18.Kxh2 Qh4+ 19.Qh3 Qxh3+ 20.gxh3 Bxe4 21.Rg1 Nf6
22.Rc7 Rad8 23.Ng3 Rd2 24.Nxe4 Rxb2 {#R} 0-1

[Event "Ch World Cities"]
[Site "masterchessopen.com Shenyang (China)"]
[Round "3"]
[White "Hauchard Arnaud (FRA)"]
[Black "Ganguly Surya Shekhar (IND)"]
[Result "1-0"]
[WhiteElo "2518"]
[BlackElo "2340"]

1.d4 d5 2.c4 dxc4 3.e3 Nf6 4.Bxc4 e6 5.Nf3 c5 6.O-O a6 7.Bb3 b5 8.a4 c4 9.Bc2
Bb7 10.axb5 axb5 11.Rxa8 Bxa8 12.Nc3 b4 13.Ba4+ Nbd7 14.Nb5 Be7 15.Ne5 Qc8
16.Qe2 Bxg2 17.Kxg2 Qa8+ 18.Qf3 Qxa4 19.Qc6 O-O 20.Nxd7 Nxd7 21.Qxd7 Bf6
22.Qb7 Rd8 23.e4 Qc2 24.e5 Rd5 25.Nd6 {#r} 1-0

[Event "Cup Rilton"]
[Site "masterchessopen.com Stockholm (Sweden)"]
[Round "2"]
[White "Khenkin Igor (GER)"]
[Black "Hillarp Persson Tiger (SWE)"]
[Result "1-0"]
[WhiteElo "2633"]
[BlackElo "2507"]

1.d4 d5 2.c4 dxc4 3.Nf3 Nf6 4.e3 e6 5.Bxc4 c5 6.O-O a6 7.Bb3 b5 8.a4 b4 9.Nbd2
Bb7 10.a5 Nbd7 11.e4 cxd4 12.e5 Nd5 13.Ne4 Nc5 14.Bg5 Qd7 15.Nxc5 Bxc5 16.Rc1
Qc7 17.Bxd5 Bxd5 18.Qa4+ Kf8 19.Bd2 {#r} 1-0

[Event "Ch Lithuania"]
[Site "masterchessopen.com Vilnius (Lithuania)"]
[Round "0"]
[White "Kasparavicius Laimutis (LTU)"]
[Black "Laurynaitis Laimonas (LTU)"]
[Result "1-0"]
[WhiteElo "2151"]
[BlackElo "2086"]

1.d4 d5 2.c4 dxc4 3.Nf3 Nf6 4.e3 e6 5.Bxc4 c5 6.O-O a6 7.a4 Nc6 8.Qe2 Qc7
9.Nc3 b6 10.Rd1 Bb7 11.d5 Nxd5 12.Bxd5 exd5 13.Nxd5 Qd8 14.e4 Nd4 15.Nxd4 cxd4
16.Bf4 Bd6 17.Bxd6 Qxd6 18.Rxd4 O-O 19.Rad1 Rfe8 20.Nc3 Qc5 21.Rd7 Bc6 22.Rc7
Bb5 23.Nxb5 {#r} 1-0

[Event "It (cat.4)"]
[Site "masterchessopen.com Almassora (Spain)"]
[Round "6"]
[White "Alvarez Ibarra Rafael (ESP)"]
[Black "Sales Montealegre Raquel (ESP)"]
[Result "1-0"]
[WhiteElo "2404"]
[BlackElo "2138"]

1.d4 d5 2.Nf3 e6 3.c4 dxc4 4.e3 Nf6 5.Bxc4 c5 6.O-O a6 7.b3 Nbd7 8.Bb2 Be7
9.Nbd2 b6 10.dxc5 Bxc5 11.Qe2 Bb7 12.Bd3 O-O 13.Rfd1 Qb8 14.Ng5 Bd6 15.f4 e5
16.Nc4 Bc7 17.Nxh7 Nxh7 18.Bxh7+ Kxh7 19.Rxd7 Bc6 20.Nxe5 {#r} 1-0

[Event "It (open)"]
[Site "masterchessopen.com Baden (Switzerland)"]
[Round "3"]
[White "Cvitan Ognjen (CRO)"]
[Black "Jurek Josef (CZE)"]
[Result "1-0"]
[WhiteElo "2541"]
[BlackElo "2329"]

1.d4 d5 2.Nf3 Nf6 3.c4 dxc4 4.e3 e6 5.Bxc4 c5 6.O-O a6 7.Bb3 cxd4 8.exd4 Nc6
9.Nc3 Be7 10.Re1 O-O 11.Bf4 Nb4 12.Rc1 Nh5 13.Be5 Bd7 14.d5 Nxd5 15.Nxd5 exd5
16.Bc7 Qe8 17.Qxd5 Nf6 18.Qxb7 Be6 19.Bg3 {#r} 1-0

[Event "Ch Poland (team) (juniors) (under 20) (2 div)"]
[Site "masterchessopen.com Biala-Podlaska (Poland)"]
[Round "6"]
[White "Beben Pawel (POL)"]
[Black "Tomczak Rafal (POL)"]
[Result "0-1"]
[WhiteElo "2139"]
[BlackElo "2253"]

1.d4 d5 2.c4 dxc4 3.Nf3 Nf6 4.e3 e6 5.Bxc4 c5 6.O-O a6 7.Bb3 Nc6 8.Nc3 Na5
9.Bc2 Be7 10.a3 cxd4 11.exd4 b5 12.Re1 Bb7 13.Qd3 O-O 14.Bg5 g6 15.Ne5 Rc8
16.Qh3 Nh5 17.Bh6 Ng7 18.Rad1 Nc4 19.Nxc4 Rxc4 20.Be3 Bxa3 21.Bd3 Bxb2 22.Bxc4
Bxc3 23.Re2 bxc4 24.Rc2 Ba5 25.Rxc4 Bd5 {#R} 0-1

[Event "Ch Poland (team) (juniors) (under 20) (2 div)"]
[Site "masterchessopen.com Biala-Podlaska (Poland)"]
[Round "3"]
[White "Paterek Katarzyna (POL)"]
[Black "Zajac Magdalena (POL)"]
[Result "0-1"]
[WhiteElo "1979"]
[BlackElo "1998"]

1.d4 d5 2.Nf3 Nf6 3.c4 dxc4 4.e3 e6 5.Bxc4 c5 6.O-O a6 7.a4 Nc6 8.Nc3 Be7
9.Ne2 O-O 10.Bd2 b6 11.Qc2 Bb7 12.Rfd1 Qc7 13.Rac1 Rfd8 14.Qb3 Bd6 15.h3 Ne7
16.Bc3 Bxf3 17.gxf3 Qb7 18.e4 Nd7 19.Bxe6 cxd4 20.Bxf7+ Kf8 21.Bxd4 Nc5 22.Be5
Bxe5 23.Ng3 Bf4 24.Rxd8+ Rxd8 25.Re1 Qc7 {#R} 0-1

[Event "It (open)"]
[Site "masterchessopen.com Calcutta (India)"]
[Round "1"]
[White "Shetty Rahul (IND)"]
[Black "Dongre Ravindra Malidh (IND)"]
[Result "1-0"]
[WhiteElo "2334"]
[BlackElo "2182"]

1.d4 d5 2.c4 dxc4 3.Nf3 Nf6 4.e3 e6 5.Bxc4 c5 6.O-O a6 7.Bb3 b5 8.a4 b4 9.Nbd2
a5 10.e4 cxd4 11.e5 Nd5 12.Nc4 Be7 13.Qxd4 Bb7 14.Qg4 Kf8 15.Bg5 h6 16.Bxe7+
Qxe7 17.Nd6 Nc6 18.Bxd5 exd5 19.Nf5 {#r} 1-0

[Event "It (open)"]
[Site "masterchessopen.com Lausanne (Switzerland)"]
[Round "2"]
[White "Bunzmann Dimitrij (GER)"]
[Black "Turner Matthew (ENG)"]
[Result "1-0"]
[WhiteElo "2484"]
[BlackElo "2491"]

1.d4 d5 2.c4 dxc4 3.e3 Nf6 4.Bxc4 e6 5.Nf3 c5 6.O-O a6 7.Bb3 Nc6 8.Nc3 cxd4
9.exd4 Be7 10.a3 O-O 11.Re1 Nd5 12.Qd3 b5 13.Qe4 f5 14.Qc2 Na5 15.Nxd5 exd5
16.Bxd5+ Qxd5 17.Rxe7 Nc6 18.Rc7 Nxd4 19.Nxd4 Qxd4 20.Be3 Qf6 21.Rd1 Rd8
22.Rxd8+ Qxd8 23.Bb6 Bd7 24.Qc5 {#r} 1-0

[Event "It (open)"]
[Site "masterchessopen.com Los Angeles (USA)"]
[Round "3"]
[White "Donaldson John W (USA)"]
[Black "Sadvakasov Darmen (KAZ)"]
[Result "0-1"]
[WhiteElo "2396"]
[BlackElo "2509"]

1.Nf3 d5 2.d4 Nf6 3.c4 dxc4 4.e3 e6 5.Bxc4 c5 6.O-O a6 7.b3 b5 8.Be2 Bb7 9.Bb2
Nbd7 10.Nbd2 Be7 11.Rc1 O-O 12.dxc5 Nxc5 13.Ne5 Rc8 14.Ndf3 Qa5 15.a3 Rfd8
16.Nd4 Qb6 17.Bf3 Nfe4 18.Nd3 Bf6 19.Nxc5 Nxc5 20.Bxb7 Qxb7 21.f4 Qe4 22.Rc3
Rxd4 {#R} 0-1

[Event "It (open)"]
[Site "masterchessopen.com Mancha (Spain)"]
[Round "9"]
[White "Touzane Olivier (FRA)"]
[Black "Cobo Prados Nicolas (ESP)"]
[Result "1-0"]
[WhiteElo "2382"]
[BlackElo "2138"]

1.d4 d5 2.c4 dxc4 3.Nf3 Nf6 4.e3 e6 5.Bxc4 c5 6.O-O a6 7.Bb3 Nbd7 8.Nc3 Be7
9.Qe2 b5 10.e4 b4 11.Na4 cxd4 12.Nxd4 Bb7 13.Bxe6 Nb6 14.Bb3 Qxd4 15.Be3 Qxe4
16.f3 Qe5 17.Nxb6 O-O 18.Nxa8 Bc5 19.Rfe1 Re8 20.Bxf7+ Kxf7 21.Qc4+ Bd5
22.Qxc5 Bxa8 23.Qxe5 Rxe5 24.Bd4 {#r} 1-0

[Event "Ch Australia (major)"]
[Site "masterchessopen.com Mingara (Australia)"]
[Round "3"]
[White "Ingram Ben (AUS)"]
[Black "Wright Ian (AUS)"]
[Result "0-1"]
[WhiteElo "1779"]
[BlackElo "2130"]

1.d4 d5 2.c4 dxc4 3.e3 Nf6 4.Bxc4 e6 5.Nf3 c5 6.O-O a6 7.Bd3 b5 8.dxc5 Bxc5
9.a3 Bb7 10.b4 Bb6 11.Bb2 O-O 12.Qe2 Qe7 13.Nbd2 Rd8 14.Rad1 Nbd7 15.Ng5 Rac8
16.Bb1 h6 17.Nge4 Nd5 18.Qf3 Nc3 19.Qh5 Nxd1 20.Rxd1 f5 21.Ng3 Nf6 22.Qe2 Rd7
23.Re1 Ne4 24.Ba2 Rxd2 {#R} 0-1

[Event "Ch Switzerland (team) 2000"]
[Site "masterchessopen.com Switzerland"]
[Round "0"]
[White "Almada Enrique (SUI)"]
[Black "Gabriel Christian (GER)"]
[Result "0-1"]
[WhiteElo "2344"]
[BlackElo "2528"]

1.d4 d5 2.c4 dxc4 3.Nf3 Nf6 4.e3 e6 5.Bxc4 c5 6.O-O a6 7.a4 Nc6 8.Qe2 cxd4
9.Rd1 Be7 10.Nxd4 Nxd4 11.exd4 Bd7 12.Bg5 O-O 13.Nc3 Re8 14.Rac1 Bc6 15.Qd2
Qd7 16.d5 Nxd5 17.Bxd5 exd5 18.Nxd5 Bxg5 19.Qxg5 Bxd5 20.Rxd5 Qxa4 21.h3 h6
22.Qf5 Re7 23.Rdc5 Rae8 24.Rc7 Rxc7 {#R} 0-1

[Event "Ch Georgia (juniors) (under 20)"]
[Site "masterchessopen.com Tbilisi (Georgia)"]
[Round "0"]
[White "Jobava Baadur (GEO)"]
[Black "Paresishvili Giorgi (GEO)"]
[Result "1-0"]
[WhiteElo "2480"]
[BlackElo "2208"]

1.d4 d5 2.Nf3 Nf6 3.c4 dxc4 4.e3 e6 5.Bxc4 c5 6.O-O a6 7.Bb3 cxd4 8.exd4 Nc6
9.Nc3 Be7 10.Re1 Na5 11.Bc2 b5 12.d5 exd5 13.Bg5 Be6 14.Nd4 O-O 15.Qd3 g6
16.Nxe6 fxe6 17.Rxe6 Ra7 18.Rae1 Rd7 19.h4 b4 20.Na4 Rf7 21.Nb6 Rd6 22.Rxd6
Bxd6 23.Nxd5 Bh2+ 24.Kxh2 Qxd5 25.Bxf6 Qxd3 26.Re8+ {#r} 1-0

[Event "It (open)"]
[Site "masterchessopen.com Witley (England)"]
[Round "4"]
[White "Bigg Andrew J (ENG)"]
[Black "Moen Andreas (NOR)"]
[Result "0-1"]
[WhiteElo "2137"]
[BlackElo "2168"]

1.d4 d5 2.c4 dxc4 3.Nf3 Nf6 4.e3 e6 5.Bxc4 c5 6.O-O a6 7.a4 Nc6 8.Nc3 Bd6
9.dxc5 Bxc5 10.Qxd8+ Kxd8 11.Rd1+ Ke7 12.e4 Ng4 13.Bg5+ f6 14.Bh4 g5 15.Bg3 h5
16.h3 h4 17.Bxh4 Nge5 18.Bxg5 Nxf3+ 19.gxf3 fxg5 20.Kg2 Ne5 21.Bb3 Bd7 {#R}
0-1

[Event "It (open)"]
[Site "masterchessopen.com Zurich (Switzerland)"]
[Round "5"]
[White "Lazarev Vladimir (FRA)"]
[Black "Kamber Bruno (SUI)"]
[Result "1-0"]
[WhiteElo "2478"]
[BlackElo "2370"]

1.d4 d5 2.c4 dxc4 3.Nf3 e6 4.e3 Nf6 5.Bxc4 c5 6.O-O a6 7.Bb3 Nc6 8.Qe2 cxd4
9.Rd1 Be7 10.Nc3 b5 11.exd4 Na5 12.d5 Nxb3 13.dxe6 Qxd1+ 14.Qxd1 Nxa1 15.Nd5
Kf8 16.Nxe7 Kxe7 17.Be3 Ne4 18.exf7 Bg4 19.Qd5 Bxf3 20.gxf3 Rhd8 21.Qb7+ Ke6
22.fxe4 Rd1+ 23.Kg2 Rf8 24.Bc5 Rxf7 25.Qc6+ Ke5 26.Qe8+ {#r} 1-0